|
|
|
|
| LEADER |
02023njm a2200445 a 4500 |
| 001 |
000820074 |
| 003 |
CZ BrMZK |
| 005 |
20060807143329.0 |
| 007 |
sd fsngnnmmned |
| 008 |
060620s2006 xr pp g cze d |
| 028 |
0 |
0 |
|a SU 5701-2
|b Supraphon
|
| 040 |
|
|
|a BOA001
|b cze
|
| 048 |
|
|
|a od
|b vu
|
| 072 |
|
7 |
|a 784
|x Vokální hudba
|2 Konspekt
|9 9
|
| 080 |
|
|
|a 784.4
|2 MRF
|
| 080 |
|
|
|a (086.76)
|2 MRF
|
| 100 |
1 |
|
|a Laufer, Josef,
|d 1939-2024
|7 jk01071658
|4 sng
|
| 245 |
1 |
0 |
|a Josef Laufer
|h [zvukový záznam]
|
| 260 |
|
|
|a Praha :
|b Supraphon,
|c p2006
|
| 300 |
|
|
|a 1 zvuková deska (70:49) :
|b digital, stereo ;
|c 12 cm +
|e 1 leták (12 x 24 cm)
|
| 306 |
|
|
|a 011049
|
| 490 |
1 |
|
|a Pop galerie
|
| 500 |
|
|
|a Kompaktní deska
|
| 500 |
|
|
|a Kompilace
|
| 500 |
|
|
|a Původní fonogramy p 1968-2006 různá vydavatelství
|
| 505 |
0 |
0 |
|t Artista --
|t Maria --
|t Podívej, šenkýři --
|t Juliána --
|t Léto s Josefínou --
|t Mít tě rád --
|t Honza Majer --
|t 16 tun --
|t Ghetto --
|t Lásko, lásko, užil jsem tě málo --
|t Holky medový --
|t <<La >>Bamba --
|t Bienvenido a Salome --
|t Dlouhej den --
|t Irina s vlčíma očima --
|t C'est moi --
|t Sbohen, lásko, já jedu dál --
|t Lola --
|t Superman --
|t Chtěj sem vám hrát --
|t Tolerantní
|
| 511 |
1 |
|
|a Zpívá Josef Laufr. Sbor Lubomíra Pánka ; Karel Vlach se svým orchestrem ; Holem, řídí Jan Václavík
|
| 650 |
0 |
7 |
|a populární písně
|7 ph124354
|y 1961-1970
|2 czenas
|
| 650 |
0 |
7 |
|a populární písně
|7 ph124354
|y 1971-1980
|2 czenas
|
| 650 |
0 |
7 |
|a populární písně
|7 ph124354
|y 1981-1990
|2 czenas
|
| 650 |
0 |
7 |
|a populární písně
|7 ph124354
|y 1991-2000
|2 czenas
|
| 655 |
|
7 |
|a kompaktní desky
|7 fd201991
|2 czenas
|
| 710 |
2 |
|
|a Sbor Lubomíra Pánka
|7 ko2001100004
|
| 710 |
2 |
|
|a Orchestr Karla Vlacha
|7 kn20010710270
|
| 710 |
2 |
|
|a Golem (hudební skupina : Česko)
|7 xx0132105
|
| 830 |
|
0 |
|a Pop galerie
|
| 910 |
|
|
|a BOA001
|b CD-0013.181
|
| 990 |
|
|
|a AV
|
| 991 |
|
|
|b 200608
|
| 996 |
6 |
|
|b 261H014553
|c CD-0013.181
|l MZK
|r Sklad / do 24 hodin
|n 0
|w 000820074
|u 000010
|a 1
|e BOA001
|j MZK50
|s P
|